| 000 | 00766nam a2200217Ia 4500 | ||
|---|---|---|---|
| 001 | 13702 | ||
| 003 | GE_BSU | ||
| 008 | 181216s||||||||xx |||||||||||||| ||und|| | ||
| 040 | _cGE_BSU | ||
| 080 | _a66.0(075.8) | ||
| 100 | _aБретшнайдер,С. Кавецкий,В. Леико,Я. и др. | ||
| 245 | _aОбщие основы химической технологии=Popstawy Ogolne Technologii Chemicznej. | ||
| 245 | _bУчебник. | ||
| 245 | _cПеревод с польского П.Г.Доманкова и М.И.Курочкиной. | ||
| 260 | _aЛ. | ||
| 260 | _bХимия. | ||
| 260 | _c1977. | ||
| 300 | _a504 стр. 22см. с илл. | ||
| 653 | _aОбщие основы химической технологии. | ||
| 942 | _cBK | ||
| 999 |
_c46850 _d46850 |
||